[Event "WJun"]
[Site "Athens GRE"]
[Date "2001.08.21"]
[EventDate "2001.08.16"]
[Round "6"]
[Result "0-1"]
[White "Evgeny Postny"]
[Black "Bu Xiangzhi"]
[WhiteElo "2486"]
[BlackElo "2553"]
[PlyCount "98"]

1. d4 Nf6 2. c4 c5 3. d5 e6 4. Nc3 exd5 5. cxd5 d6 6. e4 g6
7. f3 Bg7 8. Bg5 h6 9. Be3 O-O 10. Qd2 Re8 11. a4 a6 12. Nge2
Nbd7 13. Nd1 Ne5 14. Nec3 Nh5 15. Be2 Qh4+ 16. Nf2 f5 17. g3
Qe7 18. f4 Nf7 19. O-O Nf6 20. Bf3 fxe4 21. Ncxe4 Bf5
22. Nxf6+ Qxf6 23. g4 Bd7 24. Ne4 Qxb2 25. Qxb2 Bxb2 26. Rab1
Bh8 27. Rxb7 Bxa4 28. Bd2 Bc2 29. Rxf7 Bxe4 30. Rd7 Bxf3
31. Rxf3 Rab8 32. f5 Re2 33. Bc1 gxf5 34. gxf5 Re1+ 35. Kg2
Rxc1 36. f6 Rcb1 37. Rxd6 R1b2+ 38. Kg3 R2b3 39. Rxa6 Rxf3+
40. Kxf3 Rf8 41. Ke4 Bxf6 42. Rc6 Re8+ 43. Kf5 Bd4 44. d6 Re5+
45. Kf6 Kf8 46. Kg6 Ke8 47. Kxh6 Kd7 48. Ra6 c4 49. Ra4 Rc5
0-1

[Event "WJun"]
[Site "Athens GRE"]
[Date "2001.08.23"]
[EventDate "2001.08.16"]
[Round "7"]
[Result "1/2-1/2"]
[White "Bu Xiangzhi"]
[Black "Sergei Azarov"]
[WhiteElo "2553"]
[BlackElo "2461"]
[PlyCount "117"]

1. d4 d5 2. c4 e6 3. Nc3 Nf6 4. cxd5 exd5 5. Bg5 Be7 6. e3
Nbd7 7. Bd3 O-O 8. Nf3 Re8 9. Qc2 Nf8 10. O-O c6 11. Rae1 Ne4
12. Bxe7 Qxe7 13. Bxe4 dxe4 14. Nd2 f5 15. f3 exf3 16. Nxf3
Be6 17. e4 fxe4 18. Rxe4 Rad8 19. Rfe1 h6 20. R1e3 Qf7 21. Ne5
Qc7 22. Qe2 Bd5 23. Rf4 Re7 24. Ne4 Ne6 25. Rg4 Bxe4 26. Rgxe4
Ng5 27. Rg4 Qd6 28. h4 Nh7 29. Nc4 Rxe3 30. Qxe3 Qf8 31. Qxh6
Nf6 32. Rg3 Rxd4 33. Ne3 Rd7 34. Qf4 Nd5 35. Qg4 Rf7 36. Nxd5
cxd5 37. Qe6 Qc5+ 38. Kh2 Qc6 39. Qe5 Qf6 40. Qxf6 Rxf6
41. Rb3 b6 42. Kg3 Rf1 43. Rf3 Rc1 44. Rf2 Rd1 45. Kf3 Kh7
46. Ke3 d4+ 47. Ke4 Kg6 48. b3 a5 49. g3 d3 50. Ke3 Rg1
51. Rf3 Rg2 52. Kxd3 Rxa2 53. Kc4 Ra3 54. Rd3 a4 55. Rd6+ Kh5
56. Rd5+ Kh6 57. Rd6+ Kh5 58. Rd5+ Kh6 59. Rd6+ 1/2-1/2

[Event "WJun"]
[Site "Athens GRE"]
[Date "2001.08.24"]
[EventDate "2001.08.16"]
[Round "8"]
[Result "1-0"]
[White "Levon Aronian"]
[Black "Bu Xiangzhi"]
[WhiteElo "2562"]
[BlackElo "2553"]
[PlyCount "111"]

1. Nf3 Nf6 2. g3 d5 3. Bg2 c6 4. O-O Bg4 5. d3 Nbd7 6. Qe1 e5
7. e4 dxe4 8. dxe4 Bc5 9. Nbd2 O-O 10. h3 Bh5 11. Nc4 Re8
12. a4 Qc7 13. Nh4 b5 14. Na5 Bb6 15. Nb3 a6 16. Bg5 h6
17. Bd2 c5 18. c4 bxc4 19. Na5 c3 20. Bxc3 c4 21. g4 Bg6
22. Nxg6 fxg6 23. Bb4 Rab8 24. Rc1 Bxa5 25. Bxa5 Qc6 26. b4
Qxa4 27. Rxc4 Qb3 28. Qc3 Qxc3 29. Rxc3 Nf8 30. Re1 Rec8
31. Rec1 Rxc3 32. Rxc3 Ne6 33. f3 Kf7 34. Bf1 Ra8 35. Rc6 Nd4
36. Rc7+ Ke6 37. Bc4+ Kd6 38. Rxg7 Rc8 39. Rxg6 Rxc4 40. Rxf6+
Ke7 41. Rxa6 Rc2 42. Bb6 Nxf3+ 43. Kf1 Ng5 44. Bc5+ Kf7
45. Rxh6 Nxe4 46. Ke1 Rh2 47. h4 Kg7 48. g5 Ng3 49. Bd6 Re2+
50. Kd1 Re4 51. Bc5 Nf5 52. Rf6 Nxh4 53. b5 Rc4 54. Rc6 Nf5
55. b6 Ne3+ 56. Kd2 1-0

[Event "WJun"]
[Site "Athens GRE"]
[Date "2001.08.25"]
[EventDate "2001.08.16"]
[Round "9"]
[Result "1-0"]
[White "Bu Xiangzhi"]
[Black "Anton Korobov"]
[WhiteElo "2553"]
[BlackElo "2470"]
[PlyCount "157"]

1. d4 Nf6 2. c4 e6 3. Nc3 Bb4 4. e3 O-O 5. Nge2 d5 6. a3 Be7
7. cxd5 exd5 8. b4 Re8 9. Ng3 Nbd7 10. Bd3 g6 11. O-O Nf8
12. Rb1 h5 13. Nge2 a5 14. f3 axb4 15. axb4 h4 16. g4 hxg3
17. hxg3 c6 18. Kg2 b6 19. Rh1 Ne6 20. Qg1 Bf8 21. Bd2 Ra3
22. Qc1 Ra7 23. Qb2 Bg7 24. Rh2 Rae7 25. Rbh1 Ng5 26. Qb1 Rxe3
27. Bxe3 Rxe3 28. Rf1 Qe7 29. Rh4 b5 30. Rf2 Bf8 31. Qc2 Qa7
32. Nd1 Re6 33. Nf4 Rd6 34. Re2 Ne6 35. Nxe6 Bxe6 36. Nf2 Bg7
37. Qd2 Qa3 38. Rh1 Nd7 39. Qf4 Qxb4 40. Rb1 Qa3 41. Re3 Nf8
42. Bxb5 Qa2 43. Rc1 Qd2 44. Rd1 Qb4 45. Bf1 Rd8 46. Re2 c5
47. dxc5 Qxc5 48. Rc1 Qa5 49. Nd3 Bf5 50. Nc5 Qa3 51. g4 Ne6
52. Nxe6 Bxe6 53. Rc7 Rf8 54. Qg5 Qa1 55. Qe7 Be5 56. Rc6 Bf6
57. Qd6 Re8 58. Qf4 Bg7 59. Rb6 Qa7 60. Qb4 d4 61. Qb5 Rd8
62. Rb2 d3 63. Rb8 Rxb8 64. Qxb8+ Qxb8 65. Rxb8+ Bf8 66. Bxd3
Kg7 67. Be4 Bd6 68. Rb7 Kf6 69. Rb5 Bf4 70. Bd5 Bd7 71. Rb7
Be8 72. Kf2 Kg7 73. Ke2 Bd6 74. Kd3 Kf8 75. Bc4 f5 76. gxf5
gxf5 77. Be6 Be5 78. Bxf5 Bc6 79. Rb1 1-0

[Event "WJun"]
[Site "Athens GRE"]
[Date "2001.08.26"]
[EventDate "2001.08.16"]
[Round "10"]
[Result "1/2-1/2"]
[White "David Navara"]
[Black "Bu Xiangzhi"]
[WhiteElo "2491"]
[BlackElo "2553"]
[PlyCount "90"]

1. e4 c5 2. Nf3 Nc6 3. d4 cxd4 4. Nxd4 Nf6 5. Nc3 d6 6. Bg5 e6
7. Qd2 a6 8. O-O-O h6 9. Bf4 Bd7 10. Nxc6 Bxc6 11. f3 d5
12. Qe1 Bb4 13. a3 Ba5 14. b4 Bb6 15. exd5 Bxd5 16. Be5 O-O
17. Qh4 Be3+ 18. Kb2 Bg5 19. Qd4 Bc6 20. a4 Qxd4 21. Bxd4 Rfc8
22. Kb3 Nd7 23. Bc4 b6 24. Rhe1 a5 25. Rxe6 fxe6 26. Bxe6+ Kf8
27. b5 Bxf3 28. Rf1 Nc5+ 29. Bxc5+ Rxc5 30. Nd5 Rxd5 31. Bxd5
Ke7 32. Rxf3 Rf8 33. Rc3 Kd7 34. Bc6+ Kc7 35. Bf3+ Kb8 36. Rd3
Rd8 37. Bd5 Re8 38. Rd4 Bf6 39. Rc4 Re3+ 40. c3 Re5 41. Bf3
Rc5 42. Rxc5 bxc5 43. b6 Bd8 44. b7 Bf6 45. Kc4 Kc7 1/2-1/2

[Event "WJun"]
[Site "Athens GRE"]
[Date "2001.08.27"]
[EventDate "2001.08.16"]
[Round "11"]
[Result "1/2-1/2"]
[White "Bu Xiangzhi"]
[Black "Evgeny Shaposhnikov"]
[WhiteElo "2553"]
[BlackElo "2519"]
[PlyCount "72"]

1. d4 Nf6 2. c4 e6 3. Nc3 Bb4 4. e3 c5 5. Nge2 cxd4 6. exd4 d5
7. c5 Ne4 8. Bd2 Nxd2 9. Qxd2 b6 10. a3 Bxc3 11. Nxc3 bxc5
12. dxc5 a5 13. Bb5+ Bd7 14. O-O a4 15. Bxd7+ Qxd7 16. f4 Qe7
17. f5 O-O 18. fxe6 Qxc5+ 19. Kh1 fxe6 20. Rxf8+ Qxf8 21. Qe2
Qd6 22. Re1 Nd7 23. Qxe6+ Qxe6 24. Rxe6 d4 25. Ne4 Rc8 26. h3
Nc5 27. Nxc5 Rxc5 28. Re4 Rd5 29. Kg1 d3 30. Re1 Rb5 31. Rd1
Rxb2 32. Rxd3 Rb3 33. Rd7 Rxa3 34. Ra7 h6 35. h4 Kh7 36. h5
Ra1+ 1/2-1/2

[Event "WJun"]
[Site "Athens GRE"]
[Date "2001.08.28"]
[EventDate "2001.08.16"]
[Round "12"]
[Result "0-1"]
[White "Emanuel Berg"]
[Black "Bu Xiangzhi"]
[WhiteElo "2496"]
[BlackElo "2553"]
[PlyCount "82"]

1. e4 c5 2. Nf3 Nc6 3. d4 cxd4 4. Nxd4 Nf6 5. Nc3 d6 6. Be3 a6
7. f3 e5 8. Nb3 Be6 9. Qd2 h6 10. O-O-O b5 11. g4 Rb8 12. h4
Qc7 13. Kb1 b4 14. Nd5 Bxd5 15. exd5 Ne7 16. Bxa6 Nexd5
17. Qe2 Nxe3 18. Qxe3 Be7 19. Be2 O-O 20. f4 Rfc8 21. Qd3 Nd5
22. fxe5 dxe5 23. Qe4 Nf6 24. Qf5 g6 25. Qd3 e4 26. Qd2 Nd5
27. Ba6 Rd8 28. Qe2 Bf6 29. Rhf1 Qe5 30. Rd4 Nc7 31. c3 e3
32. Bc4 bxc3 33. Rdf4 Rd2 34. Rxf6 Rxe2 35. Bxe2 Nd5 36. Rxf7
cxb2 37. Bd3 e2 38. Bxe2 Qxe2 39. R7f3 Ne3 40. R1f2 Qe1+
41. Kxb2 Nd1+ 0-1

[Event "WJun"]
[Site "Athens GRE"]
[Date "2001.08.29"]
[EventDate "2001.08.16"]
[Round "13"]
[Result "0-1"]
[White "Bu Xiangzhi"]
[Black "Peter Acs"]
[WhiteElo "2553"]
[BlackElo "2514"]
[PlyCount "72"]

1. d4 Nf6 2. c4 e6 3. Nc3 Bb4 4. e3 O-O 5. Nge2 d5 6. a3 Be7
7. cxd5 Nxd5 8. Nxd5 exd5 9. Nc3 c6 10. Be2 Bf5 11. O-O Bg6
12. b4 Nd7 13. b5 Nb6 14. Qb3 Qd6 15. Bb2 Qe6 16. Na4 Nxa4
17. Qxa4 f5 18. bxc6 bxc6 19. Rac1 Be8 20. Qa6 Bd7 21. Bc3 f4
22. exf4 Rxf4 23. Rce1 Bd6 24. Bb5 Qf7 25. Ba4 Rf8 26. Re2 Rh4
27. f3 Bxh2+ 28. Kf2 Qf4 29. Re3 Bg3+ 30. Ke2 Rh2 31. Rg1 Bg4
32. fxg4 Qf2+ 33. Kd3 Qxg1 34. Qxc6 Qb1+ 35. Bc2 Qf1+ 36. Re2
Rf3+ 0-1

[Event "CHN-RUS Summit Juniors"]
[Site "Shanghai CHN"]
[Date "2001.09.07"]
[EventDate "2001.09.07"]
[Round "1"]
[Result "1-0"]
[White "Bu Xiangzhi"]
[Black "Pavel Smirnov"]
[WhiteElo "2553"]
[BlackElo "2530"]
[PlyCount "63"]

1. d4 Nf6 2. c4 g6 3. Nc3 Bg7 4. e4 d6 5. f3 O-O 6. Be3 c5
7. Nge2 Nc6 8. d5 Ne5 9. Ng3 e6 10. Be2 exd5 11. cxd5 a6
12. a4 h5 13. h3 Nh7 14. Nf1 f5 15. f4 Nf7 16. exf5 gxf5
17. Bxh5 Re8 18. Kf2 Bd7 19. g4 fxg4 20. hxg4 Nf6 21. g5 Nxh5
22. Qxh5 Qb6 23. Qh7+ Kf8 24. Rb1 Qb4 25. Rh4 Re7 26. Kg2 Rae8
27. Bf2 b5 28. Ng3 Qb3 29. Nh5 Nd8 30. Qg6 Bxc3 31. Nf6 Rf7
32. bxc3 1-0

[Event "CHN-RUS Summit Juniors"]
[Site "Shanghai CHN"]
[Date "2001.09.09"]
[EventDate "2001.09.07"]
[Round "3"]
[Result "1/2-1/2"]
[White "Bu Xiangzhi"]
[Black "Evgeny Shaposhnikov"]
[WhiteElo "2553"]
[BlackElo "2519"]
[PlyCount "28"]

1. d4 Nf6 2. c4 e6 3. Nc3 Bb4 4. e3 O-O 5. Nge2 d5 6. a3 Be7
7. cxd5 Nxd5 8. b4 Nd7 9. e4 Nxc3 10. Nxc3 b6 11. Bb5 Bb7
12. Be3 a5 13. Rb1 axb4 14. axb4 Ra3 1/2-1/2

[Event "CHN-RUS Summit Juniors"]
[Site "Shanghai CHN"]
[Date "2001.09.12"]
[EventDate "2001.09.07"]
[Round "6"]
[Result "0-1"]
[White "Pavel Smirnov"]
[Black "Bu Xiangzhi"]
[WhiteElo "2530"]
[BlackElo "2553"]
[PlyCount "122"]

1. e4 c5 2. Nf3 Nc6 3. d4 cxd4 4. Nxd4 Nf6 5. Nc3 d6 6. Bg5 e6
7. Qd2 a6 8. O-O-O Bd7 9. f3 h6 10. Be3 Qc7 11. Kb1 b5
12. Ndxb5 axb5 13. Nxb5 Qa5 14. Qxa5 Rxa5 15. Bb6 Rxb5
16. Bxb5 Ne5 17. Ba6 Bc6 18. b4 Be7 19. b5 Ba8 20. Bd4 Nfd7
21. b6 Bc6 22. Ka1 Nb8 23. Be2 Ned7 24. Rb1 Kd8 25. Rhd1 Kc8
26. Rd3 f5 27. Rc3 fxe4 28. fxe4 Nc5 29. e5 Ne4 30. Re3 dxe5
31. Bxe5 Kb7 32. Bxg7 Rg8 33. Bd4 e5 34. Bxe5 Bc5 35. Rf3 Nd7
36. Rf7 Ng5 37. Rxd7+ Bxd7 38. h4 Nf7 39. Bf6 Nd6 40. c4 Bc6
41. g4 Ne4 42. Bb2 Ng3 43. Bd1 Be4 44. Rc1 Rd8 45. Bf6 Rf8
46. Be5 Rf1 47. Kb2 Rf2+ 48. Bc2 Be3 49. Re1 Rxc2+ 50. Kb3 Ne2
51. Bb2 Bd4 52. Bxd4 Nxd4+ 53. Kb4 Bd3 54. Kc5 Rxc4+ 55. Kd5
Nc6 56. Re6 Rxg4 57. Rxh6 Bg6 58. Ke6 Kxb6 59. h5 Bb1 60. Rf6
Rh4 61. h6 Kc5 0-1

[Event "Aeroflot Open"]
[Site "Moscow RUS"]
[Date "2002.02.06"]
[EventDate "2002.02.04"]
[Round "3"]
[Result "1/2-1/2"]
[White "Sergei Vladimirovich Rublevsky"]
[Black "Bu Xiangzhi"]
[WhiteElo "2655"]
[BlackElo "2593"]
[PlyCount "52"]

1. e4 c5 2. Nf3 e6 3. c4 Nc6 4. Nc3 Nf6 5. Be2 e5 6. O-O d6
7. d3 Be7 8. Ne1 O-O 9. f4 exf4 10. Bxf4 Be6 11. Nc2 Nd7
12. Qd2 h6 13. b3 Nde5 14. Be3 Bg5 15. Bxg5 hxg5 16. d4 cxd4
17. Nxd4 Nxd4 18. Qxd4 Nc6 19. Qd2 Qe7 20. Rad1 Rfd8 21. Nb5
b6 22. Nxd6 a5 23. a3 Ne5 24. Qd4 Nc6 25. Qd2 Ne5 26. Qd4 Nc6
1/2-1/2

[Event "Aeroflot Open"]
[Site "Moscow RUS"]
[Date "2002.02.07"]
[EventDate "2002.02.04"]
[Round "4"]
[Result "1/2-1/2"]
[White "Bu Xiangzhi"]
[Black "Ashot Sergeyevich Nadanian"]
[WhiteElo "2593"]
[BlackElo "2407"]
[PlyCount "93"]

1. d4 e6 2. c4 f5 3. g3 Nf6 4. Bg2 c6 5. Nh3 d6 6. O-O Be7
7. Nc3 O-O 8. Qc2 e5 9. dxe5 dxe5 10. e4 Nxe4 11. Nxe4 fxe4
12. Rd1 Qe8 13. Ng5 Qh5 14. Nxe4 Bg4 15. Re1 Na6 16. Qb3 Bb4
17. Bd2 Bxd2 18. Nxd2 Rad8 19. Ne4 Rd7 20. Rac1 Qf5 21. c5+
Kh8 22. a3 Nc7 23. f3 Bxf3 24. Nd6 Bd5 25. Qe3 Qg6 26. Rf1
Rdd8 27. Qxe5 Bxg2 28. Kxg2 Nd5 29. Nxb7 Ra8 30. Nd6 Qd3
31. Kg1 Qd2 32. Nc4 Qd3 33. Nd6 Qd2 34. Nf5 Nf6 35. Qd4 Rad8
36. Qxd2 Rxd2 37. b4 Ng4 38. Rcd1 Ra2 39. Ne3 Nf2 40. Rd4 Re2
41. Rh4 g5 42. Rh5 Kg7 43. Ng4 Kg6 44. Rh6+ Kg7 45. Rh5 Kg6
46. Rh6+ Kg7 47. Rh5 1/2-1/2

[Event "Aeroflot Open"]
[Site "Moscow RUS"]
[Date "2002.02.07"]
[EventDate "2002.02.04"]
[Round "5"]
[Result "1/2-1/2"]
[White "Evgeny E Vorobiov"]
[Black "Bu Xiangzhi"]
[WhiteElo "2534"]
[BlackElo "2593"]
[PlyCount "67"]

1. e4 c5 2. Nf3 Nc6 3. d4 cxd4 4. Nxd4 g6 5. c4 Bg7 6. Nc2 d6
7. Be2 Nf6 8. Nc3 O-O 9. O-O Bd7 10. Ne3 Rc8 11. Rb1 a6
12. Kh1 Re8 13. f4 Qb6 14. Ned5 Qd4 15. Be3 Qxd1 16. Rfxd1 Be6
17. Rbc1 Nd7 18. b3 Kf8 19. g4 h6 20. h3 Ncb8 21. Kg2 Bxd5
22. Nxd5 Nc6 23. Nc3 Red8 24. Kf2 b6 25. Nd5 Rb8 26. Bd3 Bd4
27. Bxd4 Nxd4 28. Bb1 Nc6 29. Rd2 g5 30. f5 Rbc8 31. Rcd1 f6
32. Bd3 Kf7 33. Be2 a5 34. Ke3 1/2-1/2

[Event "Aeroflot Open"]
[Site "Moscow RUS"]
[Date "2002.02.08"]
[EventDate "2002.02.04"]
[Round "6"]
[Result "1/2-1/2"]
[White "Bu Xiangzhi"]
[Black "Baadur Aleksandrovich Jobava"]
[WhiteElo "2593"]
[BlackElo "2556"]
[PlyCount "108"]

1. d4 Nf6 2. c4 g6 3. Nc3 Bg7 4. e4 d6 5. f3 a6 6. Be3 c6
7. Bd3 b5 8. Nge2 O-O 9. O-O Nbd7 10. b3 bxc4 11. Bxc4 a5
12. Rc1 Nb6 13. Bd3 Ba6 14. Nb1 Bb7 15. Nbc3 Nfd7 16. Kh1 e6
17. a4 Qe7 18. Qd2 Rfc8 19. Rfd1 c5 20. Nb5 d5 21. e5 cxd4
22. Bg5 Qf8 23. f4 h6 24. Bh4 g5 25. fxg5 Nxe5 26. Nexd4 hxg5
27. Bxg5 Nbd7 28. Bb1 Rxc1 29. Rxc1 Nc5 30. Rf1 Qb8 31. Be7
Ne4 32. Bxe4 dxe4 33. Bd6 Qe8 34. Bxe5 Bxe5 35. Qg5+ Bg7
36. Nd6 Qd8 37. Qg3 Qb6 38. N4b5 Rf8 39. Rf4 Qc6 40. h3 f5
41. Rh4 Ba8 42. Nd4 Qd7 43. Rh6 Bd5 44. Qg6 Qxd6 45. Qh7+ Kf7
46. Qg6+ Ke7 47. Qxg7+ Rf7 48. Qg5+ Kd7 49. Rh8 Re7 50. Qg8
Qc7 51. Nb5 Qc1+ 52. Kh2 Qf4+ 53. Kh1 Qf1+ 54. Kh2 Qf4+
1/2-1/2

[Event "Aeroflot Open"]
[Site "Moscow RUS"]
[Date "2002.02.09"]
[EventDate "2002.02.04"]
[Round "7"]
[Result "0-1"]
[White "Valery A Loginov"]
[Black "Bu Xiangzhi"]
[WhiteElo "2524"]
[BlackElo "2593"]
[PlyCount "94"]

1. Nf3 c5 2. c4 Nc6 3. Nc3 d6 4. g3 g6 5. Bg2 Bg7 6. O-O e5
7. a3 Nge7 8. b4 O-O 9. Rb1 f5 10. Ne1 Kh8 11. d3 h6 12. Na4
cxb4 13. axb4 g5 14. e3 Ng6 15. b5 Nce7 16. Ba3 Rf6 17. Nc3 g4
18. Nc2 h5 19. Nb4 h4 20. Nbd5 Nxd5 21. Nxd5 Rf7 22. f3 hxg3
23. fxg4 f4 24. h3 Be6 25. Qe2 Bh6 26. Be4 Nh4 27. exf4 Bxd5
28. Bxd5 Rxf4 29. Rxf4 Bxf4 30. Rf1 Qf6 31. Bc1 Ng6 32. Bxb7
Rf8 33. Be4 Kg7 34. Bf5 Bxc1 35. Rxc1 Nf4 36. Qf3 Qh4 37. c5
Nxh3+ 38. Kf1 Nf4 39. Rc2 Rh8 40. Be4 g2+ 41. Rxg2 Nxg2
42. Qxg2 dxc5 43. Qg1 Qf6+ 44. Ke1 Qb6 45. Qe3 Qa5+ 46. Kf2
Qa2+ 47. Kf1 Qa1+ 0-1

[Event "2nd China-USA Summit"]
[Site "Shanghai CHN"]
[Date "2002.07.12"]
[EventDate "2002.07.11"]
[Round "2"]
[Result "1/2-1/2"]
[White "Gregory Zinovyevich Kaidanov"]
[Black "Bu Xiangzhi"]
[WhiteElo "2638"]
[BlackElo "2602"]
[PlyCount "112"]

1. d4 d5 2. c4 c6 3. Nf3 Nf6 4. Nc3 dxc4 5. a4 Bf5 6. e3 e6
7. Bxc4 Bb4 8. O-O a5 9. Qe2 O-O 10. e4 Bg6 11. Bg5 Be7
12. Rad1 Nxe4 13. Nxe4 Bxe4 14. Qxe4 Bxg5 15. d5 exd5 16. Bxd5
Qe7 17. Qf5 Qf6 18. Qxg5 Qxg5 19. Bxf7+ Rxf7 20. Nxg5 Rd7
21. f4 b6 22. Rfe1 Rxd1 23. Rxd1 Na6 24. Ne6 Nc5 25. Nxc5 bxc5
26. Rc1 Rb8 27. Rxc5 Rxb2 28. Rxa5 Ra2 29. h3 Kf7 30. Kh2 Kf6
31. Kg3 g6 32. Kf3 h5 33. Ra6 Kf7 34. a5 c5 35. Ra8 c4 36. g4
hxg4+ 37. hxg4 c3 38. Ke3 Ra4 39. Rc8 Rxa5 40. Rxc3 Ra4
41. Rc7+ Kf6 42. Rc6+ Kf7 43. Rc7+ Kf6 44. Rc6+ Kf7 45. g5 Ra7
46. Rd6 Kg7 47. Ke4 Rf7 48. Rd4 Rf5 49. Rd7+ Kg8 50. Rd8+ Kg7
51. Rd7+ Kg8 52. Rd5 Rf7 53. Re5 Kg7 54. Re8 Rf5 55. Rd8 Rf7
56. Rd5 Kg8 1/2-1/2

[Event "2nd China-USA Summit"]
[Site "Shanghai CHN"]
[Date "2002.07.14"]
[EventDate "2002.07.11"]
[Round "3"]
[Result "1/2-1/2"]
[White "Bu Xiangzhi"]
[Black "Gregory Zinovyevich Kaidanov"]
[WhiteElo "2602"]
[BlackElo "2638"]
[PlyCount "143"]

1. d4 d5 2. c4 e6 3. Nc3 Be7 4. Nf3 Nf6 5. Bg5 O-O 6. cxd5
Nxd5 7. Bxe7 Qxe7 8. Rc1 Nxc3 9. Rxc3 Rd8 10. e3 Nc6 11. Bb5
Bd7 12. O-O Nxd4 13. Bxd7 Nxf3+ 14. Qxf3 Qxd7 15. Qxb7 Rab8
16. Qxa7 Rxb2 17. Rxc7 Qd1 18. g3 Qf3 19. Qd4 Qf6 20. Qc4 g6
21. Rc8 Rxc8 22. Qxc8+ Kg7 23. Qc4 h5 24. h4 Rd2 25. a4 Kh7
26. a5 Qf5 27. Qa4 Qd5 28. Ra1 e5 29. a6 Qf3 30. Rf1 Qd5
31. e4 Ra2 32. Qe8 Qe6 33. Qxe6 fxe6 34. Rb1 Rxa6 35. Rb5 Kg7
36. Rxe5 Kf6 37. Rb5 e5 38. Rb3 Ra4 39. Rf3+ Ke6 40. Re3 Ra1+
41. Kg2 Ra2 42. Rb3 Kf6 43. Kf3 Ra1 44. Ke2 Ra4 45. Ke3 Ra1
46. Rb6+ Kf7 47. Rd6 Ra2 48. f4 Ra3+ 49. Rd3 exf4+ 50. gxf4
Ra2 51. e5 Ra4 52. Rd4 Ra3+ 53. Ke4 Ke6 54. Rd6+ Kf7 55. Rd7+
Ke6 56. Rg7 Ra4+ 57. Ke3 Ra3+ 58. Kd2 Ra2+ 59. Kc3 Ra3+
60. Kb4 Rg3 61. Rg8 Rg4 62. Rf8 Rxh4 63. Kc5 Rg4 64. Rf6+ Ke7
65. Kd5 h4 66. f5 gxf5 67. Rxf5 Ra4 68. Rh5 Ra5+ 69. Ke4 Ra1
70. Rh7+ Ke6 71. Rh6+ Ke7 72. Rh7+ 1/2-1/2

[Event "Corus Invitation Tens"]
[Site "Wijk aan Zee NED"]
[Date "2003.01.18"]
[EventDate "2003.01.17"]
[Round "2"]
[Result "1/2-1/2"]
[White "Marc Erwich"]
[Black "Bu Xiangzhi"]
[WhiteElo "2342"]
[BlackElo "2569"]
[Source "ChessBase"]
[PlyCount "85"]

1. e4 c5 2. Nf3 d6 3. d4 cxd4 4. Nxd4 Nf6 5. Nc3 g6 6. Be3 Bg7
7. Be2 O-O 8. O-O Nc6 9. Nb3 a5 10. a4 Nb4 11. f4 Be6 12. Nd4
Qc8 13. Kh1 Bc4 14. Bg1 Rd8 15. Bxc4 Qxc4 16. Qf3 Rac8
17. Rad1 Nd7 18. Rfe1 Qa6 19. Nd5 Re8 20. Nxb4 axb4 21. Qb3
Nc5 22. Qxb4 Qxa4 23. Qxa4 Nxa4 24. b3 Nc3 25. Rd3 e5 26. fxe5
dxe5 27. Nf3 f5 28. Nd2 b5 29. g3 Bf8 30. exf5 gxf5 31. Rf3
Bb4 32. Rxf5 Na2 33. Rg5+ Kh8 34. Rexe5 Rxe5 35. Bd4 Bc3
36. Bxe5+ Bxe5 37. Rxe5 Rxc2 38. Nf3 b4 39. Nd4 Rb2 40. Re7
Rd2 41. Ne6 h6 42. Nf4 Nc1 43. Re3 1/2-1/2

[Event "Corus Invitation Tens"]
[Site "Wijk aan Zee NED"]
[Date "2003.01.19"]
[EventDate "2003.01.17"]
[Round "3"]
[Result "1-0"]
[White "Bu Xiangzhi"]
[Black "Sybolt Strating"]
[WhiteElo "2569"]
[BlackElo "2325"]
[Source "ChessBase"]
[PlyCount "53"]

1. d4 d5 2. c4 c6 3. Nf3 Nf6 4. Nc3 dxc4 5. a4 Bf5 6. e3 e6
7. Bxc4 Bb4 8. O-O Nbd7 9. Nh4 Bg4 10. f3 Nd5 11. fxg4 Qxh4
12. Qf3 Qe7 13. e4 N5b6 14. Bb3 c5 15. a5 Nc8 16. a6 bxa6
17. e5 Rb8 18. Ne4 h6 19. g5 cxd4 20. gxh6 gxh6 21. Ba4 Ncb6
22. Nd6+ Bxd6 23. exd6 Qxd6 24. Bf4 Qb4 25. Bxb8 Nxa4 26. Rxa4
Qxa4 27. Bd6 1-0

[Event "Corus Invitation Tens"]
[Site "Wijk aan Zee NED"]
[Date "2003.01.24"]
[EventDate "2003.01.17"]
[Round "7"]
[Result "0-1"]
[White "Alexander Sergeyevich Cherniaev"]
[Black "Bu Xiangzhi"]
[WhiteElo "2504"]
[BlackElo "2569"]
[Source "ChessBase"]
[PlyCount "58"]

1. e4 c5 2. c3 d5 3. exd5 Qxd5 4. d4 Nf6 5. Nf3 Bg4 6. dxc5
Qxc5 7. Be3 Qc7 8. Na3 a6 9. Qa4+ Nbd7 10. O-O-O Rc8 11. Be2
e6 12. Rd4 Bxf3 13. Bxf3 Bc5 14. Rd3 O-O 15. Bf4 e5 16. Bg3
Be7 17. Rd2 Nb6 18. Qa5 Bxa3 19. bxa3 Qxc3+ 20. Qxc3 Rxc3+
21. Rc2 Rfc8 22. Rxc3 Rxc3+ 23. Kb2 Na4+ 24. Kb1 e4 25. Bd1
Nc5 26. Bc2 Rxa3 27. Rd1 Nd3 28. f3 Nd5 29. Be5 Ne3 0-1

[Event "Corus Invitation Tens"]
[Site "Wijk aan Zee NED"]
[Date "2003.01.26"]
[EventDate "2003.01.17"]
[Round "9"]
[Result "0-1"]
[White "Wim H Boom"]
[Black "Bu Xiangzhi"]
[WhiteElo "2238"]
[BlackElo "2569"]
[Source "ChessBase"]
[PlyCount "62"]

1. Nf3 c5 2. c4 g6 3. g3 Bg7 4. Bg2 Nc6 5. O-O e5 6. Nc3 Nge7
7. d3 O-O 8. Rb1 d6 9. a3 a5 10. e3 h6 11. Qc2 Be6 12. b3 Rc8
13. e4 f5 14. Nd5 g5 15. Nxe7+ Qxe7 16. exf5 Bxf5 17. Be3 e4
18. Ne1 exd3 19. Qd2 Ne5 20. Rd1 Kh8 21. a4 b6 22. Kh1 Rce8
23. h3 Qf7 24. f4 gxf4 25. Rxf4 Qe6 26. Bd5 Qg6 27. Kg2 Qh5
28. Rh4 Qe2+ 29. Qxe2 dxe2 30. Rd2 Nd3 31. Rxe2 Nc1 0-1

[Event "Aeroflot Open"]
[Site "Moscow RUS"]
[Date "2003.02.13"]
[EventDate "2003.02.10"]
[Round "3"]
[Result "1/2-1/2"]
[White "Bu Xiangzhi"]
[Black "Vladimir Chuchelov"]
[WhiteElo "2569"]
[BlackElo "2592"]
[PlyCount "84"]

1. d4 Nf6 2. c4 e6 3. Nc3 Bb4 4. e3 O-O 5. Nge2 d5 6. a3 Be7
7. cxd5 exd5 8. b4 c6 9. Ng3 Re8 10. Bd3 Nbd7 11. O-O Nb6
12. b5 c5 13. dxc5 Bxc5 14. Na4 Nxa4 15. Qxa4 d4 16. e4 Ng4
17. Bf4 Nxh2 18. Rfc1 b6 19. f3 Qh4 20. Ne2 Nxf3+ 21. gxf3 Re6
22. Rxc5 bxc5 23. e5 Bb7 24. Rf1 Bd5 25. Bg3 Qg5 26. Qc2 c4
27. Bxh7+ Kh8 28. Kg2 d3 29. Bxd3 cxd3 30. Qxd3 Rxe5 31. Rh1+
Kg8 32. Qh7+ Kf8 33. Nf4 Bxf3+ 34. Kxf3 Re3+ 35. Kxe3 Qxg3+
36. Ke2 Re8+ 37. Kd1 Qb3+ 38. Kd2 Qe3+ 39. Kc2 Rc8+ 40. Kb2
Qc3+ 41. Ka2 Qc4+ 42. Ka1 Qc3+ 1/2-1/2

[Event "Aeroflot Open"]
[Site "Moscow RUS"]
[Date "2004.02.24"]
[EventDate "2004.02.17"]
[Round "8"]
[Result "1/2-1/2"]
[White "Bu Xiangzhi"]
[Black "Valery Konstantinovich Neverov"]
[WhiteElo "2606"]
[BlackElo "2527"]
[PlyCount "123"]

1. Nf3 Nf6 2. c4 g6 3. Nc3 d5 4. Qa4+ Bd7 5. Qb3 dxc4 6. Qxc4
Bg7 7. e4 Bc6 8. d3 O-O 9. Be2 a6 10. O-O b5 11. Qb3 Nbd7
12. e5 Nd5 13. Nxd5 Nc5 14. Nxe7+ Qxe7 15. Qc3 Bxf3 16. Bxf3
Rad8 17. d4 Na4 18. Qc6 Rxd4 19. Be3 Rd3 20. b3 Rxe3 21. fxe3
Nb6 22. Rad1 Bxe5 23. g3 Bd6 24. Kg2 Qxe3 25. Rfe1 Qc5
26. Qxc5 Bxc5 27. Bb7 Rb8 28. Bxa6 Ra8 29. Bxb5 Rxa2+ 30. Re2
Rxe2+ 31. Bxe2 Bd6 32. g4 Kg7 33. Bb5 Nc8 34. h3 Bc5 35. Rd7
Bb6 36. Kf3 Nd6 37. Bc6 Kf6 38. h4 h6 39. Bd5 Kg7 40. Kf4 Kf6
41. b4 g5+ 42. Kg3 Kg7 43. h5 Kf6 44. Kf3 Kg7 45. Ke2 Kf8
46. Kd3 Ke8 47. Bc6 Kf8 48. Kc3 Kg7 49. Kb3 Kf8 50. Ka4 Kg7
51. Bd5 Kf8 52. Rd8+ Kg7 53. Bb3 Be3 54. Bc2 Bf2 55. Ra8 Bb6
56. Bd3 Kf6 57. Rh8 Bd4 58. Rxh6+ Ke7 59. Ka5 Bg7 60. Rh7 Kf8
61. Ka6 Kg8 62. Bg6 1/2-1/2

[Event "Aeroflot Open"]
[Site "Moscow RUS"]
[Date "2005.02.15"]
[EventDate "?"]
[Round "1"]
[Result "1/2-1/2"]
[White "Bu Xiangzhi"]
[Black "Sandipan Chanda"]
[WhiteElo "2607"]
[BlackElo "2554"]
[Source "365Chess"]
[PlyCount "86"]

1. c4 Nf6 2. Nc3 g6 3. d4 Bg7 4. g3 O-O 5. Bg2 d6 6. Nf3 c6
7. O-O Qb6 8. h3 Qb4 9. Qd3 e5 10. a3 Qb3 11. dxe5 dxe5
12. Nd2 Qb6 13. Nde4 Nxe4 14. Nxe4 Bf5 15. Be3 Qc7 16. Rad1
Bxe4 17. Bxe4 f5 18. Bg2 e4 19. Qd2 Bf6 20. Bf4 Qf7 21. b3 Na6
22. Qe3 Nc7 23. Bd6 Rfe8 24. Kh1 Ne6 25. b4 Rad8 26. c5 Nc7
27. Bxc7 Qxc7 28. g4 Qe5 29. gxf5 gxf5 30. Rxd8 Rxd8 31. Qg3+
Kh8 32. Qxe5 Bxe5 33. f3 e3 34. f4 Bb2 35. Rb1 Rd2 36. Bf3
Bxa3 37. Rb3 Bc1 38. b5 Rc2 39. bxc6 bxc6 40. Rb8+ Kg7
41. Rb7+ Kg6 42. Rxa7 Rxc5 43. Rc7 Ba3 1/2-1/2